[Event "Wch Seniors 20th"]
[Site "Arco"]
[Date "2010.11.05"]
[Round "10"]
[White "Hlinschi, Mihai"]
[Black "Caramaschi, Vincenzo"]
[Result "1-0"]
[WhiteElo "1776"]
[BlackElo "1669"]
[PlyCount "77"]
[EventDate "2010.10.26"]
[EventType "swiss"]
[EventRounds "11"]
[EventCountry "ITA"]
[SourceTitle "EXT 2011"]
[Source "ChessBase"]
[SourceDate "2010.11.26"]
[SourceVersion "1"]
[SourceVersionDate "2010.11.26"]
[SourceQuality "1"]

1. e4 e5 2. Nf3 d6 3. d4 exd4 4. Nxd4 Nf6 5. f3 Bd7 6. c4 b6 7. Nc3 Nc6 8. Be3 Nxd4 9. Bxd4 Be7 10. Be2 c5 11. Be3 0-0 12. 0-0 Ne8 13. Qd2 Nc7 14. a4 Bf6 15. Qxd6 Bxc3 16. bxc3 Ne6 17. Rfd1 Be8 18. Qg3 Qc7 19. f4 Bc6 20. Bf3 Rfd8 21. f5 Rxd1+ 22. Rxd1 Qxg3 23. hxg3 Nf8 24. a5 Nd7 25. Rd6 Ne5 26. Bf4 Nxf3+ 27. gxf3 Ba4 28. axb6 axb6 29. Rxb6 Kf8 30. Bd6+ Ke8 31. Bxc5 Bd1 32. Kf2 Ra2+ 33. Ke3 f6 34. Rb7 g5 35. fxg6 hxg6 36. Re7+ Kd8 37. Rf7 g5 38. Rxf6 Re2+ 39. Kd4 1-0

[Event "Crema op 11th"]
[Site "Crema"]
[Date "2009.09.06"]
[Round "5"]
[White "Caramaschi, Vincenzo"]
[Black "Carletti, Davide"]
[Result "1-0"]
[WhiteElo "1646"]
[BlackElo "1497"]
[PlyCount "47"]
[EventDate "2009.09.04"]
[EventType "swiss"]
[EventRounds "6"]
[EventCountry "ITA"]
[SourceTitle "EXT 2011"]
[Source "ChessBase"]
[SourceDate "2010.11.26"]
[SourceVersion "1"]
[SourceVersionDate "2010.11.26"]
[SourceQuality "1"]

1. e4 e5 2. Nf3 Nc6 3. Bc4 Bc5 4. c3 Nf6 5. Qc2 d6 6. a4 h6 7. b4 Nxb4 8. cxb4 Bxb4 9. Qb3 Ba5 10. Bxf7+ Kf8 11. Nh4 g5 12. Ng6+ Kg7 13. Nxh8 Kxh8 14. 0-0 h5 15. d4 g4 16. f3 gxf3 17. gxf3 Bb6 18. Kh1 Qe7 19. Bg5 Bh3 20. Rg1 Nxe4 21. fxe4 Qd7 22. Bf6+ Kh7 23. Bg8+ Kh6 24. Qe3# 1-0